000 01189nam a22003377a 4500
003 CHAP
005 20220329134520.0
008 971013s1984 r 00010 d
010 _a21471
011 _a22443
035 _a26538
040 _cCHAP
090 _aFolleto 9005
100 0 0 _aClausen, A. W.
_923688
245 _aPopulation growth and economic and social development
_b: National Leaders' Seminar...
260 _aWashington :
_bThe World Bank,
_c(1984?)
300 _a36 p.
590 _aBATCH-UPD
_b10
_c20130110
_lUCH01
_h0307
590 _aBATCH-UPD
_b10
_c20130110
_lUCH01
_h1732
590 _aBATCH-UPD
_b10
_c20130409
_lUCH01
_h2339
590 _aBATCH-UPD
_b10
_c20130410
_lUCH01
_h1419
590 _aBATCH-UPD
_b10
_c20130914
_lUCH01
_h1856
590 _aCONVERSION
_b10
_c20130109
_lUCH01
_h1313
650 1 4 _aPaíses subdesarrollados
_xCondiciones económicas.
_985152
650 1 4 _aPaíses subdesarrollados
_xCondiciones sociales.
_985154
650 1 4 _aPoblación
_xPaíses subdesarrollados.
_989410
710 0 _aBanco Internacional de Reconstrucción y Fomento.
_99848
901 _aBK
942 _cFOLL
949 _aFolleto 9005
_bBC
_cFOLL
_d-61163
_eTS1
_i26538
_mD
_si
999 _c21471
_d21471